Achieving excellence in construction (Record no. 104226)

MARC details
000 -LEADER
fixed length control field 01256cam a2200217 4500
001 - CONTROL NUMBER
control field L129547
008 - FIXED-LENGTH DATA ELEMENTS--GENERAL INFORMATION
fixed length control field 050428n2005 000 0 eng u
035 ## - SYSTEM CONTROL NUMBER
System control number (Sirsi) u129547
041 ## - LANGUAGE CODE
Language code of text/sound track or separate title eng
050 ## - LIBRARY OF CONGRESS CALL NUMBER
Classification number 333.72
-- 18
110 ## - MAIN ENTRY--CORPORATE NAME
Corporate name or jurisdiction name as entry element Office of Government Commerce
9 (RLIN) 3987
245 ## - TITLE STATEMENT
Title Achieving excellence in construction
Remainder of title procurement guide 11 - sustainability
260 ## - PUBLICATION, DISTRIBUTION, ETC.
Place of publication, distribution, etc. London
Name of publisher, distributor, etc. OGC
Date of publication, distribution, etc. 2005
490 ## - SERIES STATEMENT
Series statement OGC Achieving Excellence in Construction Procurement Guidance
Volume/sequential designation 11
520 ## - SUMMARY, ETC.
Summary, etc. Outlines the processes by which the public sector client can procure and deliver construction projects that encourage sustainable development while still achieving optimum whole life value for money. Covers the sustainable development issues that should be considered at each key decision making stage and aims to help clients identify the standards they require in their projects.
590 ## - LOCAL NOTE (RLIN)
Local note IKA290405
690 ## - LOCAL SUBJECT ADDED ENTRY--TOPICAL TERM (OCLC, RLIN)
Topical term or geographic name as entry element Procurement
9 (RLIN) 6260
690 ## - LOCAL SUBJECT ADDED ENTRY--TOPICAL TERM (OCLC, RLIN)
Topical term or geographic name as entry element BUILT ENVIRONMENT-SUSTAINABLE CONSTRUCTION
856 ## - ELECTRONIC LOCATION AND ACCESS
Uniform Resource Identifier <a href="https://www.dfpni.gov.uk/index/procurement-2/cpd/cpd-policy-and-legislation/cpd-sustainability/content_-_cpd_achieving_sustainability_in_construction_procurement/cp0016aeguide11.pdf">https://www.dfpni.gov.uk/index/procurement-2/cpd/cpd-policy-and-legislation/cpd-sustainability/content_-_cpd_achieving_sustainability_in_construction_procurement/cp0016aeguide11.pdf</a>
Public note View this item free of charge at www.dfpni.gov.uk...
942 ## - ADDED ENTRY ELEMENTS (KOHA)
Suppress in OPAC 0
Holdings
Withdrawn status Lost status Source of classification or shelving scheme Damaged status Not for loan Home library Current library Shelving location Date acquired Total Checkouts Full call number Barcode Date last seen Copy number Price effective from Koha item type
    Dewey Decimal Classification     Virtual Virtual Online 28/04/2005   ONLINE PUBLICATION 129547-2001 06/08/2019 1 06/08/2019 Book